000 00373 a2200169 4500
001 49578
020 _a9788541807869
040 _cAnchieta - Bela Vista
100 _aServant, Stéphane
240 1 0 _aCachinhos de urso
_lpor
245 1 0 _aCachinhos de urso
300 _a30
362 0 _a2015
440 1 _aEdições SM
650 4 _aLiteratura infantil
942 _cBK
999 _c49578
_d49578